000 00388nam a2200145Ia 4500
005 20250729165800.0
008 250729s2017 xx 000 0 und d
041 _aeng
082 _a420 DEVU
100 _aH.G.Devika
_9232877
245 _aUnderstanding Discipline and Pedagogy - Language
260 _aMysore
_bVismaya Prakashana
_c2017
300 _a209p
650 _aEducation
_9232878
999 _c240001
_d240001